000 00308nam a2200121Ia 4500
008 191201s2007 xx 000 0 und d
100 _aSATYAPRAKASH
245 0 _aAdvanced Inorganic Chemistry vol-1
260 _aN. delhi
_bS Chand and Co. Ltd.
_c2007
300 _a1391
650 _aApplied
942 _2ddc
_cBK
999 _c6637
_d6637